[Event "I Torneo GM"]
[Site "Scanno ITA"]
[Date "2005.11.07"]
[Round "1"]
[White "Varga, Zoltan"]
[Black "Martorelli, Antonio"]
[Result "1/2-1/2"]
[WhiteElo "2525"]
[BlackElo "2255"]
[PlyCount "121"]
[EventDate "2005.11.07"]

1. e4 c5 2. Nf3 e6 3. d4 cxd4 4. Nxd4 Nc6 5. Nb5 d6 6. Bf4 e5 7. Be3 Nf6 8. Bg5
Qa5+ 9. Qd2 Nxe4 10. Qxa5 Nxa5 11. Be3 Kd8 12. Bxa7 Nc6 13. Bb6+ Kd7 14. Nc7
Rb8 15. Nd5 Nd4 16. Na3 Kc6 17. Ba7 Kxd5 18. Bxb8 Kc6 19. c3 Nf5 20. Ba7 b6 21.
Nc4 Be6 22. Bxb6 d5 23. Nxe5+ Kxb6 24. Bd3 Nh4 25. O-O Bd6 26. Nc4+ dxc4 27.
Bxe4 Ng6 28. g3 Ne7 29. Rfd1 Kc7 30. b4 Be5 31. Rac1 Rd8 32. Rxd8 Kxd8 33. f4
Bf6 34. Kf2 Kc7 35. Ke2 g5 36. fxg5 Bxg5 37. Rf1 f5 38. Bg2 h5 39. a4 h4 40.
gxh4 Bxh4 41. a5 Bf6 42. b5 Bxc3 43. b6+ Kb8 44. Rd1 Bxa5 45. Rd6 Ng6 46. Ke3
Nh4 47. Bh1 Bc8 48. Rf6 f4+ 49. Kd4 c3 50. Be4 f3 51. Ke3 Bb4 52. Kf2 Bc5+ 53.
Kg3 f2 54. Rxf2 Bxf2+ 55. Kxf2 Nf5 56. Ke2 Ba6+ 57. Kd1 Nd4 58. Kc1 Be2 59. Bf5
Kb7 60. h4 Kxb6 61. h5 1/2-1/2

[Event "I Torneo GM"]
[Site "Scanno ITA"]
[Date "2005.11.08"]
[Round "2"]
[White "Farago, Ivan"]
[Black "Martorelli, Antonio"]
[Result "1-0"]
[WhiteElo "2512"]
[BlackElo "2255"]
[PlyCount "81"]
[EventDate "2005.11.07"]

1. d4 Nf6 2. c4 g6 3. Nc3 Bg7 4. e4 d6 5. Be2 O-O 6. Nf3 e5 7. O-O Na6 8. Re1
c6 9. Bf1 Bg4 10. d5 c5 11. h3 Bd7 12. Bg5 Kh8 13. Qd2 Rg8 14. Nh2 Qf8 15. Be3
Ne8 16. Kh1 f5 17. exf5 gxf5 18. f4 Nf6 19. Be2 Re8 20. Rg1 Bh6 21. Raf1 Nb4
22. a3 exf4 23. Bxf4 Bxf4 24. Rxf4 Qh6 25. Rgf1 Na2 26. Bd3 Nxc3 27. Qxc3 Qg7
28. g4 Re5 29. Bxf5 Nh5 30. Bxd7 Nxf4 31. Rxf4 Qxd7 32. Nf3 Qg7 33. Nxe5 dxe5
34. Rf5 Re8 35. Kg2 Qe7 36. Kf3 Kg8 37. Ke4 Qg7 38. Qd2 h6 39. d6 Rf8 40. Qd5+
Kh7 41. Qxe5 1-0

[Event "I Torneo GM"]
[Site "Scanno ITA"]
[Date "2005.11.08"]
[Round "2"]
[White "Franchini, Gabriele"]
[Black "Fogarasi, Tibor"]
[Result "0-1"]
[WhiteElo "2315"]
[BlackElo "2482"]
[PlyCount "72"]
[EventDate "2005.11.07"]

1. d4 Nf6 2. Bg5 e6 3. e4 h6 4. Bxf6 Qxf6 5. Nc3 Bb4 6. Nge2 d6 7. Qd2 e5 8. a3
Bxc3 9. Nxc3 exd4 10. Nd5 Qd8 11. Qxd4 O-O 12. O-O-O Nc6 13. Qc3 Be6 14. f4
Bxd5 15. exd5 Ne7 16. g3 Re8 17. Bh3 c6 18. dxc6 bxc6 19. Rhe1 Qc7 20. Bg2 Rac8
21. Re3 Red8 22. Rde1 Ng6 23. Bh3 Rb8 24. Bf5 Nf8 25. Re7 Qb6 26. b3 a5 27. Qe3
c5 28. a4 d5 29. Bd3 Ne6 30. f5 Nd4 31. f6 Rf8 32. fxg7 Kxg7 33. Qe5+ Qf6 34.
Qxf6+ Kxf6 35. Ra7 Kg7 36. Re5 Rb4 0-1

[Event "I Torneo GM"]
[Site "Scanno ITA"]
[Date "2005.11.08"]
[Round "2"]
[White "Maksimenko, Andrei"]
[Black "Abergel, Thal"]
[Result "1-0"]
[WhiteElo "2501"]
[BlackElo "2436"]
[PlyCount "67"]
[EventDate "2005.11.07"]

1. d4 Nf6 2. c4 e6 3. Nf3 d5 4. Nc3 c5 5. cxd5 Nxd5 6. e3 Nc6 7. Bd3 cxd4 8.
exd4 Bb4 9. Bd2 Be7 10. O-O O-O 11. Qb1 g6 12. Bh6 Re8 13. Rd1 Qb6 14. Be4 Nf6
15. a3 Nxe4 16. Nxe4 Qb3 17. Bg5 Kg7 18. Qc1 Qd5 19. Bh6+ Kg8 20. Nc3 Qh5 21.
h3 Rd8 22. Qe3 b6 23. Bg5 Bxg5 24. Nxg5 Ne7 25. Qf4 Rf8 26. Nge4 Qf5 27. Qh4 f6
28. Nd6 Qh5 29. Qe4 Nd5 30. Nxc8 Nxc3 31. Ne7+ Kf7 32. bxc3 Kxe7 33. Qb7+ Kd6
34. c4 1-0

[Event "I Torneo GM"]
[Site "Scanno ITA"]
[Date "2005.11.08"]
[Round "2"]
[White "Starostits, Ilmars"]
[Black "Varga, Zoltan"]
[Result "0-1"]
[WhiteElo "2480"]
[BlackElo "2525"]
[PlyCount "104"]
[EventDate "2005.11.07"]

1. e4 Nf6 2. e5 Nd5 3. d4 d6 4. Nf3 Nb6 5. Bd3 Nc6 6. exd6 cxd6 7. h3 g6 8. c3
Bg7 9. Bg5 h6 10. Bh4 O-O 11. O-O f5 12. d5 Ne5 13. Bc2 Qe8 14. Na3 Nxf3+ 15.
Qxf3 f4 16. Qe4 Bf5 17. Qxe7 g5 18. Bxg5 hxg5 19. Qxg5 Bxc2 20. Nxc2 Qe4 21.
Nd4 Rf6 22. Rfe1 Qxd5 23. Qxd5+ Nxd5 24. Rad1 Bf8 25. g4 fxg3 26. fxg3 Kf7 27.
Kg2 Bh6 28. Nc2 Ne7 29. Ne3 Bxe3 30. Rxe3 Nf5 31. Re4 Rg8 32. g4 Nh4+ 33. Kg3
Ng6 34. Rdd4 Ne7 35. Rb4 b6 36. h4 Nc6 37. Ra4 b5 38. Ra6 Ne5 39. Rxa7+ Ke6 40.
Ra5 Rf3+ 41. Kg2 Rgf8 42. Rxb5 Rf2+ 43. Kg1 Rf1+ 44. Kg2 R8f2+ 45. Kg3 Rf3+ 46.
Kg2 R1f2+ 47. Kg1 Rc2 48. c4 Rg3+ 49. Kf1 Rh3 50. Re2 Rh1+ 51. Kg2 Rxe2+ 52.
Kxh1 Nf3 0-1

[Event "I Torneo GM"]
[Site "Scanno ITA"]
[Date "2005.11.08"]
[Round "2"]
[White "Steingrimsson, Hedinn"]
[Black "Mogranzini, Roberto"]
[Result "1-0"]
[WhiteElo "2435"]
[BlackElo "2353"]
[PlyCount "73"]
[EventDate "2005.11.07"]

1. c4 Nf6 2. Nc3 g6 3. e4 d6 4. d4 Bg7 5. Nf3 O-O 6. Be2 e5 7. O-O Nc6 8. d5
Ne7 9. b4 a5 10. Ba3 Nh5 11. c5 Nf4 12. b5 Bg4 13. Nd2 Bxe2 14. Nxe2 f5 15. f3
fxe4 16. fxe4 Qd7 17. c6 bxc6 18. bxc6 Qc8 19. Nc4 Qa6 20. Rc1 Nxe2+ 21. Qxe2
Bh6 22. Rce1 Rae8 23. Rxf8+ Bxf8 24. Bc1 Nc8 25. Na3 Qb6+ 26. Qf2 Be7 27. Qxb6
Nxb6 28. Nb5 Rc8 29. Be3 Nc4 30. Kf2 Bh4+ 31. g3 Bd8 32. Ba7 Bg5 33. Ke2 Nd2
34. h4 Bh6 35. Kd3 Nf3 36. Rb1 g5 37. Nxd6 1-0

[Event "I Torneo GM"]
[Site "Scanno ITA"]
[Date "2005.11.09"]
[Round "3"]
[White "Fogarasi, Tibor"]
[Black "Steingrimsson, Hedinn"]
[Result "1/2-1/2"]
[WhiteElo "2482"]
[BlackElo "2435"]
[PlyCount "36"]
[EventDate "2005.11.07"]

1. e4 c5 2. Nf3 d6 3. d4 cxd4 4. Nxd4 Nf6 5. Nc3 a6 6. f4 e5 7. Nf3 Nbd7 8. a4
Be7 9. Bc4 Qa5 10. Qe2 O-O 11. O-O exf4 12. Bxf4 Ne5 13. Nd5 Nxd5 14. Bxd5 Be6
15. Bxe6 Nxf3+ 16. Qxf3 fxe6 17. Qb3 Qc5+ 18. Kh1 Qc8 1/2-1/2

[Event "I Torneo GM"]
[Site "Scanno ITA"]
[Date "2005.11.09"]
[Round "3"]
[White "Martorelli, Antonio"]
[Black "Starostits, Ilmars"]
[Result "0-1"]
[WhiteElo "2255"]
[BlackElo "2480"]
[PlyCount "108"]
[EventDate "2005.11.07"]

1. e4 c5 2. Nf3 d6 3. d4 cxd4 4. Qxd4 a6 5. c4 Nc6 6. Qd2 g6 7. b3 Bg7 8. Nc3
Bg4 9. Bb2 Nf6 10. Be2 O-O 11. h3 Bxf3 12. Bxf3 Nd7 13. g3 Nc5 14. Rb1 b5 15.
Nd1 bxc4 16. Bxg7 Kxg7 17. bxc4 Ne5 18. Bg2 Ned3+ 19. Ke2 Qd7 20. Ne3 Rab8 21.
h4 Qe6 22. h5 Kg8 23. hxg6 fxg6 24. f4 Qf7 25. Qc3 Qg7 26. Qxg7+ Kxg7 27. Rhd1
Nb2 28. Rd2 Nba4 29. Rxb8 Rxb8 30. Rc2 Rb1 31. e5 dxe5 32. fxe5 Ra1 33. Nd1 Ne6
34. Rd2 h5 35. Bc6 Nac5 36. Nc3 Rc1 37. Nd5 Ne4 38. Rd3 Rc2+ 39. Ke1 Rc1+ 40.
Ke2 N4c5 41. Rd2 Rxc4 42. Nxe7 Rc3 43. Kf2 Nd3+ 44. Kg2 Nxe5 45. Bd5 Ng5 46.
Bb7 Rc7 47. Nxg6 Nc4 48. Rd4 Rxb7 49. Rxc4 Kxg6 50. Rc6+ Kf5 51. Rxa6 Rb2+ 52.
Kf1 Kg4 53. Ra3 Nf3 54. Ra5 Kxg3 0-1

[Event "I Torneo GM"]
[Site "Scanno ITA"]
[Date "2005.11.09"]
[Round "3"]
[White "Mogranzini, Roberto"]
[Black "Maksimenko, Andrei"]
[Result "1/2-1/2"]
[WhiteElo "2353"]
[BlackElo "2501"]
[PlyCount "31"]
[EventDate "2005.11.07"]

1. e4 c5 2. Nf3 e6 3. d4 cxd4 4. Nxd4 Nf6 5. Nc3 d6 6. Be2 a6 7. O-O Nbd7 8. f4
b5 9. Bf3 Bb7 10. a3 Qc7 11. Kh1 Rd8 12. Qe1 Nb6 13. e5 dxe5 14. fxe5 Rxd4 15.
exf6 gxf6 16. Be3 1/2-1/2

[Event "I Torneo GM"]
[Site "Scanno ITA"]
[Date "2005.11.09"]
[Round "3"]
[White "Varga, Zoltan"]
[Black "Franchini, Gabriele"]
[Result "1-0"]
[WhiteElo "2525"]
[BlackElo "2315"]
[PlyCount "53"]
[EventDate "2005.11.07"]

1. e4 e6 2. Qe2 b6 3. g3 c5 4. Bg2 Bb7 5. Nf3 d6 6. d4 cxd4 7. Nxd4 Nd7 8. O-O
Be7 9. a4 a6 10. c4 Qc7 11. a5 Ngf6 12. axb6 Nxb6 13. Na3 O-O 14. Bd2 Nbd7 15.
b4 Rfe8 16. Rfc1 Rac8 17. Nb3 Qb8 18. Na5 Ba8 19. f3 Bd8 20. Nc2 Ne5 21. Ne1
Qb6+ 22. Kh1 Nc6 23. c5 dxc5 24. bxc5 Qb5 25. Nc4 Nd4 26. Qe3 Qxc5 27. Na3 1-0

[Event "I Torneo GM"]
[Site "Scanno ITA"]
[Date "2005.11.09"]
[Round "4"]
[White "Abergel, Thal"]
[Black "Mogranzini, Roberto"]
[Result "0-1"]
[WhiteElo "2436"]
[BlackElo "2353"]
[PlyCount "90"]
[EventDate "2005.11.07"]

1. e4 c5 2. Nc3 d6 3. f4 a6 4. Nf3 Nf6 5. a4 Nc6 6. d3 e6 7. g3 Be7 8. Bg2 Rb8
9. O-O Qc7 10. Ne2 b5 11. axb5 axb5 12. h3 h5 13. Be3 Bb7 14. Qd2 g6 15. Ng5 b4
16. b3 Nd7 17. h4 Nf6 18. Bh3 Bc8 19. f5 gxf5 20. exf5 e5 21. Ne4 Nd4 22. Nxf6+
Bxf6 23. Nxd4 cxd4 24. Bg5 Qe7 25. Bxf6 Qxf6 26. Ra4 Qh6 27. Qxh6 Rxh6 28. Bg2
Rf6 29. Be4 Bd7 30. Ra7 Rc8 31. Rb7 Rxc2 32. Ra1 Rc8 33. Rxb4 Bxf5 34. Rf1 Bxe4
35. Rxf6 Rc1+ 36. Rf1 Rxf1+ 37. Kxf1 Bxd3+ 38. Kf2 Ke7 39. Rb7+ Ke6 40. b4 e4
41. Rb8 e3+ 42. Kf3 Bf5 43. b5 Bg4+ 44. Kg2 d3 45. Re8+ Kd7 0-1

[Event "I Torneo GM"]
[Site "Scanno ITA"]
[Date "2005.11.09"]
[Round "4"]
[White "Farago, Ivan"]
[Black "Starostits, Ilmars"]
[Result "1/2-1/2"]
[WhiteElo "2512"]
[BlackElo "2480"]
[PlyCount "54"]
[EventDate "2005.11.07"]

1. d4 d5 2. c4 c6 3. e3 Nf6 4. Nc3 a6 5. Nf3 b5 6. c5 Nbd7 7. Bd3 g6 8. O-O Bg7
9. e4 dxe4 10. Nxe4 O-O 11. h3 Qc7 12. Re1 Nd5 13. Nc3 Nxc3 14. bxc3 e5 15.
Nxe5 Nxe5 16. Bf4 Qa5 17. Bxe5 Bxe5 18. Rxe5 Qxc3 19. Be4 Bb7 20. Rc1 Qa3 21.
Qd2 Rad8 22. Rc3 Qb4 23. Rd3 Qxd2 24. Rxd2 Rd7 25. Bc2 Rfd8 26. Bb3 Kf8 27. Re4
a5 1/2-1/2

[Event "I Torneo GM"]
[Site "Scanno ITA"]
[Date "2005.11.09"]
[Round "4"]
[White "Maksimenko, Andrei"]
[Black "Fogarasi, Tibor"]
[Result "1/2-1/2"]
[WhiteElo "2501"]
[BlackElo "2482"]
[PlyCount "24"]
[EventDate "2005.11.07"]

1. d4 Nf6 2. c4 g6 3. Nc3 d5 4. Bg5 Ne4 5. Bf4 Nxc3 6. bxc3 Bg7 7. e3 O-O 8.
Nf3 c5 9. cxd5 Qxd5 10. Be2 cxd4 11. cxd4 Nc6 12. O-O Bf5 1/2-1/2

[Event "I Torneo GM"]
[Site "Scanno ITA"]
[Date "2005.11.09"]
[Round "4"]
[White "Steingrimsson, Hedinn"]
[Black "Varga, Zoltan"]
[Result "0-1"]
[WhiteElo "2435"]
[BlackElo "2525"]
[PlyCount "72"]
[EventDate "2005.11.07"]

1. c4 c5 2. Nf3 Nc6 3. d4 cxd4 4. Nxd4 e6 5. Nb5 d6 6. g3 a6 7. N5c3 Be7 8. Bg2
h5 9. Bf4 h4 10. O-O hxg3 11. hxg3 Nf6 12. Re1 Ng4 13. c5 d5 14. e4 Nxf2 15.
Kxf2 Bxc5+ 16. Kf1 d4 17. Na4 Ba7 18. e5 Bd7 19. Na3 g5 20. Bd2 Nxe5 21. Rxe5
Qf6+ 22. Qf3 Qxe5 23. Qxb7 Rc8 24. Qxa7 Bxa4 25. Re1 Qxg3 26. Qxd4 Rh4 27. Qg7
Rg4 28. Re2 Rc5 29. Qg8+ Ke7 30. Qa8 Rf5+ 31. Kg1 Rh4 32. Qb7+ Bd7 33. Bb4+ Kf6
34. Bc3+ Kg6 35. Be5 Rxe5 36. Rxe5 Qxe5 0-1

[Event "I Torneo GM"]
[Site "Scanno ITA"]
[Date "2005.11.10"]
[Round "5"]
[White "Fogarasi, Tibor"]
[Black "Abergel, Thal"]
[Result "1/2-1/2"]
[WhiteElo "2482"]
[BlackElo "2436"]
[PlyCount "40"]
[EventDate "2005.11.07"]

1. e4 d5 2. exd5 Qxd5 3. Nc3 Qa5 4. d4 Nf6 5. Nf3 Be6 6. Ne5 c6 7. Nc4 Qd8 8.
Be2 Nbd7 9. Bf4 g6 10. O-O Bg7 11. Qd2 O-O 12. Rfd1 Rc8 13. h3 b5 14. Ne5 Nb6
15. Bf3 Nfd5 16. Bg3 Bxe5 17. Bxe5 Nc4 18. Qh6 f6 19. Ne4 Rf7 20. b3 Na3
1/2-1/2

[Event "I Torneo GM"]
[Site "Scanno ITA"]
[Date "2005.11.10"]
[Round "5"]
[White "Martorelli, Antonio"]
[Black "Steingrimsson, Hedinn"]
[Result "1-0"]
[WhiteElo "2255"]
[BlackElo "2435"]
[PlyCount "89"]
[EventDate "2005.11.07"]

1. e4 c6 2. d4 d5 3. exd5 cxd5 4. c4 Nf6 5. Nc3 e6 6. Nf3 Bb4 7. Bg5 h6 8. Bxf6
Qxf6 9. Qa4+ Nc6 10. cxd5 exd5 11. Bb5 Bd7 12. O-O Bxc3 13. bxc3 O-O 14. Rfe1
Rfc8 15. Qa3 Be6 16. Bxc6 Rxc6 17. Ne5 Ra6 18. Qc1 Rc8 19. Re3 Qg5 20. Qe1 Ra3
21. Rb1 b6 22. Rb2 Bf5 23. Rbe2 Be4 24. Rg3 Qf4 25. h3 Kh7 26. Rg4 Qf5 27. f3
Bb1 28. Qg3 g5 29. Nxf7 Qxf7 30. Qd6 Re8 31. Rxe8 Qxe8 32. Qxa3 Qd7 33. f4 Bf5
34. Rg3 gxf4 35. Rf3 Qg7 36. Qb2 Qg5 37. Qd2 Be4 38. Rxf4 Bxg2 39. Rf7+ Kg6 40.
Qxg5+ hxg5 41. Rxa7 Bxh3 42. Ra6 Kf5 43. Rxb6 Ke4 44. a4 Kd3 45. a5 1-0

[Event "I Torneo GM"]
[Site "Scanno ITA"]
[Date "2005.11.10"]
[Round "5"]
[White "Starostits, Ilmars"]
[Black "Franchini, Gabriele"]
[Result "1/2-1/2"]
[WhiteElo "2480"]
[BlackElo "2315"]
[PlyCount "83"]
[EventDate "2005.11.07"]

1. Nf3 e6 2. g3 b5 3. Bg2 Bb7 4. O-O Nf6 5. d3 Be7 6. e4 d6 7. a4 a6 8. Qe1 c5
9. b3 O-O 10. Bb2 Nbd7 11. Nbd2 Qc7 12. Qe2 Bc6 13. axb5 axb5 14. d4 Qb7 15.
Rxa8 Rxa8 16. d5 exd5 17. exd5 Nxd5 18. c4 bxc4 19. bxc4 Bf8 20. Rb1 Nb4 21.
Bh3 Nb6 22. Ng5 Re8 23. Qh5 h6 24. Bf5 g6 25. Bxg6 fxg6 26. Qxg6+ Bg7 27. Nde4
hxg5 28. Nf6+ Kf8 29. Nxe8 Bxb2 30. Re1 Nxc4 31. Nxd6 Qd7 32. Re8+ Qxe8 33.
Nxe8 Bxe8 34. Qf5+ Ke7 35. Qxc5+ Nd6 36. Qxg5+ Bf6 37. Qe3+ Kd7 38. Qa7+ Ke6
39. Qe3+ Kd7 40. h4 Nd5 41. Qd2 Bg6 42. h5 1/2-1/2

[Event "I Torneo GM"]
[Site "Scanno ITA"]
[Date "2005.11.10"]
[Round "5"]
[White "Varga, Zoltan"]
[Black "Maksimenko, Andrei"]
[Result "1/2-1/2"]
[WhiteElo "2525"]
[BlackElo "2501"]
[PlyCount "24"]
[EventDate "2005.11.07"]

1. d4 Nf6 2. c4 e6 3. Nf3 d5 4. cxd5 exd5 5. Nc3 c6 6. Bg5 Be7 7. e3 Bf5 8. Be2
Nbd7 9. O-O h6 10. Bxf6 Nxf6 11. Ne5 O-O 12. Bd3 Bxd3 1/2-1/2

[Event "I Torneo GM"]
[Site "Scanno ITA"]
[Date "2005.11.11"]
[Round "6"]
[White "Farago, Ivan"]
[Black "Franchini, Gabriele"]
[Result "1/2-1/2"]
[WhiteElo "2512"]
[BlackElo "2315"]
[PlyCount "102"]
[EventDate "2005.11.07"]

1. d4 Nf6 2. c4 c5 3. d5 b5 4. cxb5 a6 5. e3 axb5 6. Bxb5 Ba6 7. Bxa6 Nxa6 8.
Nc3 g6 9. e4 Qb8 10. Nf3 d6 11. O-O Bg7 12. Rb1 O-O 13. Bg5 Qb7 14. Qd2 Rfb8
15. Rfe1 Ng4 16. Bf4 Nc7 17. e5 Nxe5 18. Nxe5 Bxe5 19. Bxe5 dxe5 20. Rxe5 Nb5
21. Nxb5 Qxb5 22. Rxe7 Rxa2 23. Qf4 Rf8 24. Qe5 Qd3 25. Re1 Qd4 26. d6 Rxb2 27.
Qxd4 cxd4 28. d7 Rbb8 29. R7e4 Rfd8 30. Rxd4 Kf8 31. f3 Rb7 32. Red1 Ke7 33.
Rh4 h5 34. Re1+ Kf6 35. Rf4+ Kg5 36. Rxf7 Rbxd7 37. f4+ Kh6 38. Ree7 Rxe7 39.
Rxe7 Rd2 40. h3 Rd4 41. Rf7 Rd2 42. Kh2 h4 43. Kg1 Rb2 44. f5 gxf5 45. Rxf5 Kg6
46. Re5 Ra2 47. Kf1 Rb2 48. Re2 Rxe2 49. Kxe2 Kf6 50. Kf2 Ke6 51. Ke2 Kf6
1/2-1/2

[Event "I Torneo GM"]
[Site "Scanno ITA"]
[Date "2005.11.11"]
[Round "6"]
[White "Maksimenko, Andrei"]
[Black "Martorelli, Antonio"]
[Result "1/2-1/2"]
[WhiteElo "2501"]
[BlackElo "2255"]
[PlyCount "29"]
[EventDate "2005.11.07"]

1. e4 c5 2. Nf3 e6 3. Qe2 Nc6 4. g3 g6 5. h4 h6 6. Bg2 Bg7 7. c3 Nge7 8. d3 d6
9. O-O O-O 10. Nbd2 a5 11. a4 b6 12. Re1 Ba6 13. Nf1 Ne5 14. Nxe5 dxe5 15. Rd1
1/2-1/2

[Event "I Torneo GM"]
[Site "Scanno ITA"]
[Date "2005.11.11"]
[Round "6"]
[White "Steingrimsson, Hedinn"]
[Black "Starostits, Ilmars"]
[Result "1/2-1/2"]
[WhiteElo "2435"]
[BlackElo "2480"]
[PlyCount "97"]
[EventDate "2005.11.07"]

1. d4 d5 2. c4 dxc4 3. e4 Nc6 4. Nf3 Bg4 5. d5 Ne5 6. Bf4 Ng6 7. Be3 e5 8. Bxc4
Nf6 9. Bb5+ Bd7 10. Qd3 Bd6 11. O-O a6 12. Bxd7+ Qxd7 13. Nbd2 O-O 14. Rac1 Nh5
15. g3 Rae8 16. Kh1 f5 17. exf5 e4 18. Nxe4 Qxf5 19. Nfd2 Re5 20. Rc3 Bb4 21.
Rb3 Rxd5 22. Qc4 Bxd2 23. Nxd2 b5 24. Qe4 Qd7 25. Nb1 Nf6 26. Qg2 Ng4 27. f3 c5
28. Bg1 c4 29. Ra3 Qb7 30. f4 Rf7 31. Rxa6 Qxa6 32. Qxd5 Nf6 33. Qg2 Qxa2 34.
Nc3 Qa5 35. Nd5 b4 36. Nxf6+ gxf6 37. Qe4 Kg7 38. Rc1 Rc7 39. Bd4 Qa6 40. h4
Qc6 41. Qxc6 Rxc6 42. Kg2 h5 43. Kf3 Ne7 44. g4 Kh6 45. f5 hxg4+ 46. Kxg4 Nd5
47. Kf3 c3 48. Ke4 cxb2 49. Bxb2 1/2-1/2

[Event "I Torneo GM"]
[Site "Scanno ITA"]
[Date "2005.11.11"]
[Round "7"]
[White "Franchini, Gabriele"]
[Black "Steingrimsson, Hedinn"]
[Result "0-1"]
[WhiteElo "2315"]
[BlackElo "2435"]
[PlyCount "72"]
[EventDate "2005.11.07"]

1. e4 c5 2. Nf3 Nc6 3. Bb5 g6 4. O-O Bg7 5. c3 Nf6 6. d4 cxd4 7. cxd4 Nxe4 8.
d5 Nd6 9. Na3 Nxb5 10. Nxb5 a6 11. Qa4 Na5 12. Nd6+ exd6 13. Re1+ Kf8 14. Bf4
h6 15. Bxd6+ Kg8 16. Qf4 g5 17. Qb4 b6 18. Bc7 Qf6 19. Bxb6 Rb8 20. Re8+ Kh7
21. Qe4+ Qg6 22. Bxa5 Rxb2 23. Rxh8+ Bxh8 24. Qe8 Bb7 25. Qxd7 g4 26. Nd2 Rb5
27. Re1 Bxd5 28. Qc7 Qc6 29. Nf1 Qxc7 30. Bxc7 Bxa2 31. Re3 Be6 32. h3 gxh3 33.
g4 a5 34. f4 a4 35. f5 Bb3 36. Bd8 Bd4 0-1

[Event "I Torneo GM"]
[Site "Scanno ITA"]
[Date "2005.11.11"]
[Round "7"]
[White "Martorelli, Antonio"]
[Black "Abergel, Thal"]
[Result "1-0"]
[WhiteElo "2255"]
[BlackElo "2436"]
[PlyCount "55"]
[EventDate "2005.11.07"]

1. e4 d5 2. exd5 Qxd5 3. Nf3 Bg4 4. Be2 Nc6 5. d4 O-O-O 6. c3 e5 7. c4 Qa5+ 8.
Bd2 Bb4 9. d5 Bxf3 10. Bxf3 Nd4 11. a3 Bxd2+ 12. Nxd2 Qb6 13. O-O Qxb2 14. Rb1
Qxa3 15. Ra1 Nxf3+ 16. Nxf3 Qc5 17. Nxe5 Nh6 18. Qb3 Rhe8 19. Nd3 Qd4 20. Rfb1
Kd7 21. Qa3 Kc8 22. Rxb7 Qxa1+ 23. Qxa1 Kxb7 24. Qa4 Kc8 25. g4 Re2 26. Nc5 Rb2
27. Qxa7 Rd6 28. Na6 1-0

[Event "I Torneo GM"]
[Site "Scanno ITA"]
[Date "2005.11.11"]
[Round "7"]
[White "Starostits, Ilmars"]
[Black "Maksimenko, Andrei"]
[Result "1/2-1/2"]
[WhiteElo "2480"]
[BlackElo "2501"]
[PlyCount "30"]
[EventDate "2005.11.07"]

1. e4 c5 2. c4 Nc6 3. Nc3 g6 4. g3 Bg7 5. Bg2 d6 6. d3 e5 7. Nge2 Nge7 8. O-O
O-O 9. Bg5 h6 10. Bxe7 Nxe7 11. a3 a6 12. Rb1 Rb8 13. b4 cxb4 14. axb4 b5 15.
cxb5 axb5 1/2-1/2

[Event "I Torneo GM"]
[Site "Scanno ITA"]
[Date "2005.11.12"]
[Round "8"]
[White "Farago, Ivan"]
[Black "Steingrimsson, Hedinn"]
[Result "1/2-1/2"]
[WhiteElo "2512"]
[BlackElo "2435"]
[PlyCount "26"]
[EventDate "2005.11.07"]

1. d4 Nf6 2. c4 e6 3. Nf3 b6 4. g3 Bb7 5. Bg2 Be7 6. O-O O-O 7. Nc3 Ne4 8. Nxe4
Bxe4 9. Nh4 Bxg2 10. Kxg2 d5 11. Qa4 Qd7 12. Qxd7 Nxd7 13. cxd5 exd5 1/2-1/2

[Event "I Torneo GM"]
[Site "Scanno ITA"]
[Date "2005.11.12"]
[Round "8"]
[White "Fogarasi, Tibor"]
[Black "Varga, Zoltan"]
[Result "1/2-1/2"]
[WhiteElo "2482"]
[BlackElo "2525"]
[PlyCount "58"]
[EventDate "2005.11.07"]

1. e4 c5 2. Nf3 Nc6 3. b3 e6 4. Bb2 d6 5. d4 cxd4 6. Nxd4 a6 7. c4 Nf6 8. Nc3
Be7 9. Be2 O-O 10. O-O Bd7 11. Qd2 Nxd4 12. Qxd4 Bc6 13. Rfd1 Qa5 14. a3 Qe5
15. Bf3 Qxd4 16. Rxd4 a5 17. Kf1 Nd7 18. b4 axb4 19. axb4 Rxa1+ 20. Bxa1 Rc8
21. Bb2 Ne5 22. Be2 g5 23. Bd1 h6 24. f3 Kf8 25. Kf2 h5 26. Ke3 h4 27. g3 hxg3
28. hxg3 Ke8 29. Ba4 Bf6 1/2-1/2

[Event "I Torneo GM"]
[Site "Scanno ITA"]
[Date "2005.11.12"]
[Round "8"]
[White "Maksimenko, Andrei"]
[Black "Franchini, Gabriele"]
[Result "1/2-1/2"]
[WhiteElo "2501"]
[BlackElo "2315"]
[PlyCount "47"]
[EventDate "2005.11.07"]

1. e4 c5 2. Nf3 Nc6 3. Bb5 d6 4. d4 cxd4 5. Qxd4 a6 6. Bxc6+ bxc6 7. e5 d5 8.
b4 a5 9. a3 e6 10. O-O axb4 11. axb4 Rxa1 12. Qxa1 Bxb4 13. Qa4 Qb6 14. Be3 Qb5
15. Qa8 Ne7 16. Na3 Qa5 17. Qxa5 Bxa5 18. Bc5 Kd7 19. Ng5 Ba6 20. Ra1 Bc3 21.
Rb1 f6 22. Rb6 Ra8 23. exf6 gxf6 24. Nxh7 1/2-1/2

[Event "I Torneo GM"]
[Site "Scanno ITA"]
[Date "2005.11.12"]
[Round "8"]
[White "Mogranzini, Roberto"]
[Black "Martorelli, Antonio"]
[Result "1-0"]
[WhiteElo "2353"]
[BlackElo "2255"]
[PlyCount "97"]
[EventDate "2005.11.07"]

1. e4 c5 2. Nf3 e6 3. d4 cxd4 4. Nxd4 a6 5. Bd3 Bc5 6. Nb3 Ba7 7. O-O Nc6 8.
Qe2 d6 9. Be3 Nf6 10. a4 O-O 11. Bxa7 Rxa7 12. Nc3 Ra8 13. a5 e5 14. Bc4 Bg4
15. f3 Be6 16. Bxe6 fxe6 17. Rfd1 Qe7 18. Rd2 Rad8 19. Rad1 Nh5 20. Qe3 Nf4 21.
Ne2 Qg5 22. Nxf4 exf4 23. Qc3 Ne5 24. Nd4 Rfe8 25. Qb3 Kh8 26. Kh1 d5 27. Qa4
Nc4 28. Nxe6 Qe7 29. Nxd8 Ne3 30. Rxd5 Nxd1 31. Rxd1 Rxd8 32. c3 h6 33. h3
Rxd1+ 34. Qxd1 Qc5 35. Qd8+ Kh7 36. Qd5 Qe3 37. Kh2 Qc1 38. Qxb7 Qf1 39. Qf7
Qc1 40. Qf5+ Kg8 41. Qc8+ Kh7 42. b4 h5 43. Qxa6 Qxc3 44. Qd6 g5 45. Qc5 Qe1
46. Qxg5 Qxb4 47. a6 Qa3 48. Qf5+ Kg7 49. Qd7+ 1-0

[Event "I Torneo GM"]
[Site "Scanno ITA"]
[Date "2005.11.12"]
[Round "9"]
[White "Franchini, Gabriele"]
[Black "Abergel, Thal"]
[Result "1/2-1/2"]
[WhiteElo "2315"]
[BlackElo "2436"]
[PlyCount "82"]
[EventDate "2005.11.07"]

1. d4 g6 2. e4 d6 3. Nf3 Bg7 4. h3 c6 5. Be3 Nf6 6. Nbd2 Nbd7 7. a4 a5 8. Be2
O-O 9. O-O Qc7 10. c3 e5 11. Re1 Re8 12. dxe5 Nxe5 13. Nd4 Ned7 14. Qc2 Nc5 15.
Bf3 Bd7 16. b4 Ne6 17. N2b3 Nxd4 18. Nxd4 Be6 19. g4 Bc4 20. Bg2 d5 21. exd5
Nxd5 22. Bxd5 Bxd5 23. Rad1 axb4 24. cxb4 Re4 25. Nb5 Qe7 26. Nc3 Bxc3 27. Qxc3
Qh4 28. Rxd5 cxd5 29. Bd4 Rxe1+ 30. Qxe1 Qxh3 31. Qe5 Qxg4+ 32. Kf1 Qh3+ 33.
Kg1 Qg4+ 34. Kf1 Qd1+ 35. Kg2 Qg4+ 36. Kf1 Kf8 37. Qh8+ Ke7 38. Bc5+ Ke6 39.
Qxa8 Qd1+ 40. Kg2 Qg4+ 41. Kh2 Qh4+ 1/2-1/2

[Event "I Torneo GM"]
[Site "Scanno ITA"]
[Date "2005.11.12"]
[Round "9"]
[White "Steingrimsson, Hedinn"]
[Black "Maksimenko, Andrei"]
[Result "1/2-1/2"]
[WhiteElo "2435"]
[BlackElo "2501"]
[PlyCount "26"]
[EventDate "2005.11.07"]

1. d4 d5 2. c4 Nc6 3. cxd5 Qxd5 4. e3 e5 5. Nc3 Bb4 6. Bd2 Bxc3 7. Bxc3 exd4 8.
Ne2 Nf6 9. Nxd4 Nxd4 10. Qxd4 O-O 11. Bc4 Qxd4 12. Bxd4 Be6 13. Bxe6 fxe6
1/2-1/2

[Event "C.to Mondiale U20 femminile"]
[Site "Istanbul TUR"]
[Date "2005.11.09"]
[Round "1"]
[White "Chierici, Marianna"]
[Black "Aketayeva, Dana"]
[Result "0-1"]
[WhiteElo "1960"]
[BlackElo "2256"]
[PlyCount "74"]
[EventDate "2005.11.09"]

1. e4 e5 2. Nf3 Nc6 3. Bc4 Be7 4. d4 d6 5. O-O Nf6 6. Nc3 O-O 7. h3 h6 8. Be3
Re8 9. a3 Bf8 10. dxe5 dxe5 11. Qd3 Be6 12. Rad1 Qxd3 13. cxd3 Rad8 14. Bb5 Bb3
15. Rd2 a6 16. Ba4 Bxa4 17. Nxa4 Nd4 18. Ne1 b5 19. Nc3 Ne6 20. g3 Bc5 21. b4
Bd4 22. Bxd4 exd4 23. Ne2 c5 24. bxc5 Nxc5 25. f4 Re7 26. Nf3 Red7 27. Rfd1 Na4
28. e5 Nd5 29. Rc1 Kf8 30. g4 a5 31. f5 b4 32. e6 fxe6 33. fxe6 Rd6 34. axb4
axb4 35. Re1 Ke7 36. Nc1 Rxe6 37. Nb3 Rxe1+ 0-1